Statistics for U.S. State Capitals Closest to Anchorage

Click here to take the quiz!

General Stats

  • This quiz has been taken 25 times
  • The average score is 9 of 10

Answer Stats

miCapitalkm% Correct
1,834Boise2,951
96%
1,449Olympia2,331
96%
1,979Sacramento3,185
96%
1,562Salem2,514
96%
1,805Helena2,905
87%
2,122Salt Lake City3,415
87%
1,989Carson City3,201
78%
2,298Pierre3,698
78%
2,160Bismarck3,476
74%
574Juneau923
70%

Score Distribution

Percentile by Number Answered

Percent of People with Each Score

Your Score History

You have not taken this quiz